| 000 | 00728cam a22002538i 4500 | ||
|---|---|---|---|
| 999 |
_c61292 _d61292 |
||
| 001 | 21530254 | ||
| 005 | 20240130105521.0 | ||
| 008 | 200514s2021 nyu j b 000 0aeng | ||
| 010 | _a 2020022084 | ||
| 020 |
_a9781529035650 X _q(hardcover) |
||
| 040 |
_aDLC _beng _erda _cDLC |
||
| 042 | _apcc | ||
| 050 | 0 | 0 |
_aJF1525.W45 _bS65 2021 |
| 080 | _a32+34 S-69 | ||
| 100 | 1 |
_aSnowden, Edward J., _d1983- _eauthor. _921151 |
|
| 245 | 1 | 0 |
_aPermanent record / _cEdward Snowden. |
| 264 | 1 |
_aLondon : _bMacmillan, _c2019. |
|
| 300 |
_a339 pages ; _c24 cm. |
||
| 336 |
_atext _btxt _2rdacontent |
||
| 600 | 1 | 0 |
_aSnowden, Edward J., _d1983- _921151 |
| 653 | _aPermanent record | ||
| 653 | _aპოლიტიკა | ||
| 942 |
_2udc _cBK |
||